[Event "Le Speedy Dragon"]
[Site "SchemingMind.com"]
[Date "2010.03.24"]
[Round "-"]
[White "adamsrichg"]
[Black "nimzoking"]
[Result "0-1"]
[WhiteCountry "USA"]
[BlackCountry "ENG"]
[WhiteElo "1919"]
[WhiteRD "73"]
[BlackElo "2154"]
[BlackRD "84"]
[GameID "243005"]

1. e4 c5 2. Nf3 Nc6 3. d4 cxd4 4. Nxd4 g6 5. Nc3 Bg7 6. Be3 Nf6 7. Bc4 O-O 8. Bb3 e6 9. O-O d5 10. Nxc6 bxc6
11. e5 Nd7 12. f4 c5 13. Bc1 c4 14. Ba4 Qb6+ 15. Kh1 Rd8 16. b3 Nc5 17. Be3 d4 18. Bxd4 Rxd4 19. Qxd4 Nxa4 20. Qxb6 Nxb6
21. Rad1 Bb7 22. Kg1 Bf8 23. h3 Rc8 24. Ne4 Bxe4
0-1

[Event "Le Speedy Dragon"]
[Site "SchemingMind.com"]
[Date "2010.03.29"]
[Round "-"]
[White "nimzoking"]
[Black "adamsrichg"]
[Result "1-0"]
[WhiteCountry "ENG"]
[BlackCountry "USA"]
[WhiteElo "2188"]
[WhiteRD "83"]
[BlackElo "1892"]
[BlackRD "77"]
[GameID "243006"]

1. e4 c5 2. Nf3 Nc6 3. d4 cxd4 4. Nxd4 g6 5. c4 Nf6 6. Nc3 d6 7. Be2 Nxd4 8. Qxd4 Bg7 9. Be3 O-O 10. Qd2 Be6
11. b3 Nxe4 12. Nxe4 Bxa1 13. Nc3 Qa5 14. Bd4 f6 15. O-O Bxc3 16. Bxc3 Qc7 17. h4 d5 18. cxd5 Bf5 19. Bc4 Kg7 20. Re1 a6
21. d6 exd6 22. h5 h6 23. hxg6 Bxg6 24. Re3 b5 25. Bd5 Rae8 26. Rg3 Kh7 27. Qf4 Qe7 28. Bf3 Rd8 29. Bd2 Qg7 30. Bh5
1-0

[Event "Le Speedy Dragon"]
[Site "SchemingMind.com"]
[Date "2010.03.26"]
[Round "-"]
[White "Waltero"]
[Black "nimzoking"]
[Result "1-0"]
[WhiteCountry "CAN"]
[BlackCountry "ENG"]
[WhiteElo "2135"]
[WhiteRD "97"]
[BlackElo "2154"]
[BlackRD "84"]
[GameID "243207"]

1. e4 c5 2. Nf3 Nc6 3. d4 cxd4 4. Nxd4 g6 5. c4 Bg7 6. Be3 Nf6 7. Nc3 O-O 8. Be2 d6 9. O-O Bd7 10. Qd2 Nxd4
11. Bxd4 Bc6 12. Bf3 Qa5 13. a3 Qd8 14. Rac1 a6 15. b4 b5 16. Bxf6 Bxf6 17. e5 Bxf3 18. exf6 Bc6 19. Rfd1 bxc4 20. Qh6 exf6
21. Rd4 g5 22. Rxc4 Bb7 23. Ne2 Kh8 24. Rc7 Bd5 25. Nc3 Qxc7 26. Qxf6+ Kg8 27. Qxg5+ Kh8 28. Nxd5 Qd8 29. Nf6 Rg8 30. Qxg8+ Qxg8
31. Nxg8 Rxg8 32. Rc6
1-0

[Event "Le Speedy Dragon"]
[Site "SchemingMind.com"]
[Date "2010.03.29"]
[Round "-"]
[White "Waltero"]
[Black "adamsrichg"]
[Result "1-0"]
[WhiteCountry "CAN"]
[BlackCountry "USA"]
[WhiteElo "2135"]
[WhiteRD "97"]
[BlackElo "1919"]
[BlackRD "73"]
[GameID "243208"]

1. e4 c5 2. Nf3 Nc6 3. d4 cxd4 4. Nxd4 g6 5. c4 Nf6 6. Nc3 d6 7. Be2 Nxd4 8. Qxd4 Bg7 9. Be3 O-O 10. Qd2 Be6
11. O-O Qa5 12. Rad1 Rfc8 13. b3 a6 14. Nd5 Qd8 15. Nxf6+ Bxf6 16. f4 Bg7 17. c5 dxc5 18. f5 Bd7 19. Qxd7 Qc7 20. fxg6 hxg6
21. Bc4
1-0

[Event "Le Speedy Dragon"]
[Site "SchemingMind.com"]
[Date "2010.03.26"]
[Round "-"]
[White "nimzoking"]
[Black "Waltero"]
[Result "1/2-1/2"]
[WhiteCountry "ENG"]
[BlackCountry "CAN"]
[WhiteElo "2154"]
[WhiteRD "84"]
[BlackElo "2135"]
[BlackRD "97"]
[GameID "243209"]

1. e4 c5 2. Nf3 Nc6 3. d4 cxd4 4. Nxd4 g6 5. c4 Nf6 6. Nc3 Nxd4 7. Qxd4 d6 8. Be2 Bg7 9. Be3 O-O 10. Qd2 Be6
11. Rc1 Qa5 12. f3 Rac8 13. b3 Rfe8 14. O-O Nd7 15. Rc2 Ne5 16. Nd5 Qa3 17. f4 Nc6 18. Rfc1 b6 19. b4 Nb8 20. f5 Bxd5
21. cxd5 Rxc2 22. Rxc2 Na6 23. Bb5 Rb8 24. fxg6 hxg6 25. Rc4 Nxb4 26. Rxb4 Bc3 27. Rb3 Qxb3 28. axb3 Bxd2 29. Bxd2 Rc8 30. Bc6 f6
31. h4 Kg7 32. Kf2 e5 33. g4 Kf7 34. Kg3 Rg8=
1/2-1/2

[Event "Le Speedy Dragon"]
[Site "SchemingMind.com"]
[Date "2010.03.29"]
[Round "-"]
[White "adamsrichg"]
[Black "Waltero"]
[Result "0-1"]
[WhiteCountry "USA"]
[BlackCountry "CAN"]
[WhiteElo "1919"]
[WhiteRD "73"]
[BlackElo "2135"]
[BlackRD "97"]
[GameID "243210"]

1. e4 c5 2. Nf3 Nc6 3. d4 cxd4 4. Nxd4 g6 5. Nc3 Bg7 6. Be3 d6 7. Bc4 Nf6 8. Bb3 Ng4 9. Nxc6 bxc6 10. Bd2 O-O
11. O-O Rb8 12. Rb1 a5 13. a3 Qc7 14. h3 Ne5 15. Bg5 Ba6 16. Re1 Bc4 17. f4 Bxb3 18. cxb3 f6 19. Bh4 Nf7 20. Na2 Qb7
21. b4 axb4 22. Nxb4 c5 23. Nd3 g5 24. Bg3 Qb3 25. f5 g4 26. hxg4 c4 27. Nc5 Qxg3 28. Nd7 Rb3 29. Nxf8 Kxf8 30. Qd5 Bh6
31. Qxc4 Rxb2
0-1

[Event "Le Speedy Dragon"]
[Site "SchemingMind.com"]
[Date "2010.03.28"]
[Round "-"]
[White "blunderbot"]
[Black "nimzoking"]
[Result "0-1"]
[WhiteCountry "POR"]
[BlackCountry "ENG"]
[WhiteElo "1788"]
[WhiteRD "91"]
[BlackElo "2188"]
[BlackRD "83"]
[GameID "243350"]

1. e4 c5 2. Nf3 Nc6 3. d4 cxd4 4. Nxd4 g6 5. c4 Bg7 6. Be3 Nf6 7. Nc3 O-O 8. Be2 d6 9. O-O Bd7 10. Qd2 Nxd4
11. Bxd4 Bc6 12. f3 a5 13. Rad1 Nd7 14. Bf2 a4 15. Nd5 Nc5 16. Bd4 Bxd4+ 17. Qxd4 e5 18. Qd2 Ne6 19. Ne3 Qb6 20. Kh1 Rfc8
21. Nd5 Bxd5 22. cxd5 Nd4 23. Rc1 Rc5 24. Rxc5 dxc5 25. Bd3 Rc8 26. Rc1 Qf6 27. Qa5 Qf4 28. Rf1 c4 29. Bb1 b5 30. g3 Qe3
31. Qe1 Qxe1 32. Rxe1 Nxf3 33. Re3 Nd4 34. Rc3 b4 35. Re3 Kf8
0-1

[Event "Le Speedy Dragon"]
[Site "SchemingMind.com"]
[Date "2010.03.29"]
[Round "-"]
[White "blunderbot"]
[Black "adamsrichg"]
[Result "0-1"]
[WhiteCountry "POR"]
[BlackCountry "USA"]
[WhiteElo "1807"]
[WhiteRD "91"]
[BlackElo "1919"]
[BlackRD "73"]
[GameID "243351"]

1. e4 c5 2. Nf3 Nc6 3. d4 cxd4 4. Nxd4 g6 5. c4 Nf6 6. Nc3 d6 7. Be2 Nxd4 8. Qxd4 Bg7 9. Be3 O-O 10. Qd2 Be6
11. b3 Nxe4 12. Nxe4 Bxa1 13. O-O Bg7 14. Bh6 d5 15. cxd5 Qxd5 16. Qxd5 Bxd5 17. Bxg7 Kxg7 18. Nc5 Rfd8 19. Bb5 Rac8
0-1

[Event "Le Speedy Dragon"]
[Site "SchemingMind.com"]
[Date "2010.03.27"]
[Round "-"]
[White "blunderbot"]
[Black "Waltero"]
[Result "0-1"]
[WhiteCountry "POR"]
[BlackCountry "CAN"]
[WhiteElo "1807"]
[WhiteRD "91"]
[BlackElo "2135"]
[BlackRD "97"]
[GameID "243352"]

1. e4 c5 2. Nf3 Nc6 3. d4 cxd4 4. Nxd4 g6 5. c4 Nf6 6. Nc3 Nxd4 7. Qxd4 d6 8. Be2 Bg7 9. Be3 O-O 10. Qd2 Be6
11. Rc1 Qa5 12. b3 Rfe8 13. f3 Rac8 14. O-O a6 15. Nd5 Qxd2 16. Nxf6+ Bxf6 17. Bxd2 Bd4+ 18. Kh1 a5 19. Bxa5 Ra8 20. Bc3 Bxc3
21. Rxc3 Rxa2 22. Bd3 Rea8 23. Bb1 Rb2 24. Kg1 Kg7 25. f4 Bd7
0-1

[Event "Le Speedy Dragon"]
[Site "SchemingMind.com"]
[Date "2010.03.28"]
[Round "-"]
[White "nimzoking"]
[Black "blunderbot"]
[Result "1-0"]
[WhiteCountry "ENG"]
[BlackCountry "POR"]
[WhiteElo "2154"]
[WhiteRD "84"]
[BlackElo "1807"]
[BlackRD "91"]
[GameID "243353"]

1. e4 c5 2. Nf3 Nc6 3. d4 cxd4 4. Nxd4 g6 5. c4 Nf6 6. Nc3 Bg7 7. Be3 O-O 8. Be2 d6 9. O-O Ne5 10. Rc1 Neg4
11. Bg5 h6 12. Bh4 Qb6 13. h3 g5 14. Bg3 Nh5 15. Nd5 Qxd4 16. Nxe7+ Kh7 17. Qxd4 Bxd4 18. Bxd6 Nhf6 19. hxg4 Bxg4 20. Rfd1 Bxe2
21. Rxd4 Rfe8 22. f3
1-0

[Event "Le Speedy Dragon"]
[Site "SchemingMind.com"]
[Date "2010.03.29"]
[Round "-"]
[White "adamsrichg"]
[Black "blunderbot"]
[Result "0-1"]
[WhiteCountry "USA"]
[BlackCountry "POR"]
[WhiteElo "1857"]
[WhiteRD "78"]
[BlackElo "1826"]
[BlackRD "92"]
[GameID "243354"]

1. e4 c5 2. Nf3 Nc6 3. d4 cxd4 4. Nxd4 g6 5. Nc3 Bg7 6. Be3 Nf6 7. Bc4 d6 8. O-O O-O 9. Bb3 Bd7 10. Qd2 Na5
11. Ba4 Nc4 12. Qc1 Ng4 13. Bxd7 Qxd7 14. Nde2 Ncxe3 15. fxe3 Be5 16. h3 Nf6 17. Nf4 Bxc3 18. bxc3 Nxe4 19. Qb2 Rac8 20. Ne2 Rc5
21. Rab1 b6 22. Rfd1 Rfc8 23. Rd3 Qf5 24. Rf1 Qe5 25. Qb3 d5 26. Rfd1 e6 27. Qa4 Nxc3 28. Nxc3 Rxc3 29. Qxa7 Rxc2 30. Qxb6 Qe4
31. R3d2 Rxd2 32. Rxd2 Rc1+ 33. Kh2 Qe5+ 34. g3 Re1 35. Qd4 Qxe3 36. Qxe3 Rxe3 37. Kg2 Ra3 38. Kf2 Kf8 39. h4 f6 40. Re2 Kf7
41. Kg2 e5 42. g4 Ke6 43. Rb2 e4
0-1

[Event "Le Speedy Dragon"]
[Site "SchemingMind.com"]
[Date "2010.03.28"]
[Round "-"]
[White "Waltero"]
[Black "blunderbot"]
[Result "1-0"]
[WhiteCountry "CAN"]
[BlackCountry "POR"]
[WhiteElo "2135"]
[WhiteRD "97"]
[BlackElo "1807"]
[BlackRD "91"]
[GameID "243355"]

1. e4 c5 2. Nf3 Nc6 3. d4 cxd4 4. Nxd4 g6 5. c4 Bg7 6. Be3 Nf6 7. Nc3 O-O 8. Be2 d6 9. O-O Bd7 10. Qd2 Nxd4
11. Bxd4 Bc6 12. Rad1 Qa5 13. Nd5 Qxd2 14. Nxe7+ Kh8 15. Rxd2 Bxe4 16. f3 Rfe8 17. fxe4 Rxe7 18. Rxf6 Rxe4 19. Rxd6
1-0

[Event "Le Speedy Dragon"]
[Site "SchemingMind.com"]
[Date "2010.04.01"]
[Round "-"]
[White "troglodit"]
[Black "nimzoking"]
[Result "0-1"]
[WhiteCountry "SEY"]
[BlackCountry "ENG"]
[WhiteElo "1719"]
[WhiteRD "174"]
[BlackElo "2188"]
[BlackRD "83"]
[GameID "243765"]

1. e4 c5 2. Nf3 Nc6 3. d4 cxd4 4. Nxd4 g6 5. Nc3 Bg7 6. Be3 Nf6 7. Be2 O-O 8. f4 d6 9. O-O Qb6 10. Qd3 Ng4
11. Bxg4 Bxd4 12. Bxd4 Qxd4+ 13. Qxd4 Nxd4 14. Bd1 Be6 15. Nd5 Nc6 16. Nc7 Rac8 17. Nxe6 fxe6 18. c3 Kg7 19. Bb3 Rf6 20. g3 Na5
21. e5 dxe5 22. fxe5 Rxf1+ 23. Rxf1 Nxb3 24. axb3 Rc5 25. Re1 Rb5 26. b4 a5 27. Re4 axb4 28. cxb4 Rd5 29. Kf2 Rd2+ 30. Re2 Rd4
31. b3 Rxb4 32. Re3 g5 33. h3 h5 34. Ke2 Rb5 35. Kd2 Kg6 36. Kc3 Kf5 37. Kd4 Rd5+ 38. Kc4 Rd1 39. b4 Rh1 40. Kc5 Rxh3
0-1

[Event "Le Speedy Dragon"]
[Site "SchemingMind.com"]
[Date "2010.04.02"]
[Round "-"]
[White "troglodit"]
[Black "adamsrichg"]
[Result "1/2-1/2"]
[WhiteCountry "SEY"]
[BlackCountry "USA"]
[WhiteElo "1773"]
[WhiteRD "136"]
[BlackElo "1857"]
[BlackRD "78"]
[GameID "243766"]

1. e4 c5 2. Nf3 Nc6 3. d4 cxd4 4. Nxd4 g6 5. c4 Nf6 6. Nc3 d6 7. Be2 Nxd4 8. Qxd4 Bg7 9. Qd1 O-O 10. O-O Be6
11. Be3 Qc7 12. Nd5 Nxd5 13. cxd5 Bd7 14. Bd4 Qa5 15. Bxg7 Kxg7 16. Qb3 Rab8 17. Rac1 b5 18. Qc3+ Qxc3 19. Rxc3 Rfc8 20. Rfc1 b4
21. Rxc8 Rxc8 22. Rxc8 Bxc8 23. f4 f5 24. e5 h6 25. Kf2 g5 26. g3 Kf7 27. Ke3 a5 28. a3 e6 29. dxe6+ Kxe6 30. exd6 Kxd6
31. axb4 axb4 32. Kd4 gxf4 33. gxf4 Be6 34. Bc4 Bd7 35. h4 Bc6 36. Bg8 Bb5 37. Bh7 Bd7 38. Bg8 Bb5 39. Bh7 Bd7 40. Bg8 Bb5
41. Bh7 Bd7=
1/2-1/2

[Event "Le Speedy Dragon"]
[Site "SchemingMind.com"]
[Date "2010.04.05"]
[Round "-"]
[White "troglodit"]
[Black "blunderbot"]
[Result "0-1"]
[WhiteCountry "SEY"]
[BlackCountry "POR"]
[WhiteElo "1363"]
[WhiteRD "233"]
[BlackElo "1807"]
[BlackRD "91"]
[GameID "243767"]

1. e4 c5 2. Nf3 Nc6 3. d4 cxd4 4. Nxd4 g6 5. Be3 Bg7 6. Nc3 Nf6 7. Be2 O-O 8. f4 e5 9. Nxc6 dxc6 10. Qxd8 Rxd8
11. fxe5 Ng4 12. Bg5 Re8 13. Bxg4 Bxg4 14. Bf6 Bxf6 15. exf6 b5 16. a3 a5 17. Kd2 b4 18. axb4 axb4 19. Ne2 Rad8+ 20. Ke3 Bxe2
21. Kxe2 Rxe4+ 22. Kf3 Re6 23. Rhd1 Rxf6+ 24. Ke3 Re8+ 25. Kd4 Re2
0-1

[Event "Le Speedy Dragon"]
[Site "SchemingMind.com"]
[Date "2010.03.31"]
[Round "-"]
[White "troglodit"]
[Black "Waltero"]
[Result "1/2-1/2"]
[WhiteCountry "SEY"]
[BlackCountry "CAN"]
[WhiteElo "1363"]
[WhiteRD "233"]
[BlackElo "2135"]
[BlackRD "97"]
[GameID "243768"]

1. e4 c5 2. Nf3 Nc6 3. d4 cxd4 4. Nxd4 g6 5. Nc3 Bg7 6. Be3 Nf6 7. Bc4 O-O 8. Bb3 d6 9. f3 Bd7 10. Qd2 Nxd4
11. Bxd4 b5 12. a4 b4 13. Nd5 Nxd5 14. exd5 Bxd4 15. Qxd4 a5 16. h4 e5 17. dxe6 Bxe6 18. O-O-O Bxb3 19. cxb3 Re8 20. Qxd6 Rc8+
21. Kb1 Qxd6=
1/2-1/2

[Event "Le Speedy Dragon"]
[Site "SchemingMind.com"]
[Date "2010.04.02"]
[Round "-"]
[White "nimzoking"]
[Black "troglodit"]
[Result "1-0"]
[WhiteCountry "ENG"]
[BlackCountry "SEY"]
[WhiteElo "2188"]
[WhiteRD "83"]
[BlackElo "1719"]
[BlackRD "174"]
[GameID "243769"]

1. e4 c5 2. Nf3 Nc6 3. d4 cxd4 4. Nxd4 g6 5. c4 Bg7 6. Be3 Qb6 7. Nb3 Qc7 8. Nc3 Bxc3+ 9. bxc3 Nf6 10. f3 d6
11. Be2 Ne5 12. Qd4 b6 13. Bh6 Be6 14. Bg7 Rg8 15. Bxf6 exf6 16. f4 Nxc4 17. f5 Ne5 18. fxe6 fxe6 19. O-O Ke7 20. Qe3 Rgf8
21. Nd4 Rac8 22. Qh3 f5 23. Qxh7+ Kf6 24. Qh4+ Kf7 25. exf5 exf5 26. Qh7+ Kf6 27. Rxf5+ gxf5 28. Qxf5+ Ke7 29. Qg5+ Rf6 30. Rf1 Rf8
31. Rxf6 Rxf6 32. Nf5+ Ke6 33. Ng7+ Ke7 34. Qxf6+
1-0

[Event "Le Speedy Dragon"]
[Site "SchemingMind.com"]
[Date "2010.04.03"]
[Round "-"]
[White "adamsrichg"]
[Black "troglodit"]
[Result "1/2-1/2"]
[WhiteCountry "USA"]
[BlackCountry "SEY"]
[WhiteElo "1857"]
[WhiteRD "78"]
[BlackElo "1773"]
[BlackRD "136"]
[GameID "243770"]

1. e4 c5 2. Nf3 Nc6 3. d4 cxd4 4. Nxd4 g6 5. Nc3 Bg7 6. Be3 Nf6 7. Bc4 O-O 8. Bb3 b6 9. O-O Bb7 10. f3 Na5
11. Qd2 Nxb3 12. Nxb3 d6 13. Rab1 Rc8 14. Nb5 a6 15. N5d4 Nd7 16. c3 Nc5 17. Rbd1 a5 18. Ne2 Ba6 19. Nbc1 Qc7 20. Rf2 Rfd8
21. Nf4 Bc4 22. b3 Be6 23. Nxe6 Nxe6 24. c4 Qb7 25. Ne2 b5 26. cxb5 Qxb5 27. Nd4 Nxd4 28. Bxd4 Bxd4 29. Qxd4 Qc5 30. Rfd2 Qxd4+
31. Rxd4 Rc5 32. Rd5 Rdc8 33. R1d2 Rxd5 34. exd5 Rc5 35. Kf2 Kg7 36. Ke3 Kf6 37. Ke4 g5 38. h3 h5 39. a3 e5 40. Rb2 h4
41. b4 axb4 42. axb4 Rb5 43. Rb1 Ke7 44. Rb3 f6=
1/2-1/2

[Event "Le Speedy Dragon"]
[Site "SchemingMind.com"]
[Date "2010.04.05"]
[Round "-"]
[White "blunderbot"]
[Black "troglodit"]
[Result "0-1"]
[WhiteCountry "POR"]
[BlackCountry "SEY"]
[WhiteElo "1788"]
[WhiteRD "91"]
[BlackElo "1719"]
[BlackRD "174"]
[GameID "243771"]

1. e4 c5 2. Nf3 Nc6 3. d4 cxd4 4. Nxd4 g6 5. c4 Bg7 6. Be3 Qb6 7. Nb5 Qa5+ 8. N1c3 Nf6 9. f3 O-O 10. Qd2 a6
11. Na3 d6 12. Be2 Be6 13. Rc1 Nd7 14. O-O Rac8 15. Nab1 Nce5 16. Nd5 Qd8 17. Bh6 Bxh6 18. Qxh6 Bxd5 19. cxd5 Qb6+ 20. Kh1 Qxb2
21. Qd2 Qxd2 22. Nxd2 Nc5 23. Nc4 Ncd3 24. Bxd3 Nxd3 25. Rcd1 Rxc4 26. Rxd3 Rfc8 27. h3 Rc2 28. a3 Rb2 29. Kh2 Rcc2 30. Rg1 b5
31. Kg3 Ra2 32. f4 f5 33. e5 Kf7 34. e6+ Kf6 35. h4 Rd2 36. Rxd2 Rxd2 37. h5 Rxd5
0-1

[Event "Le Speedy Dragon"]
[Site "SchemingMind.com"]
[Date "2010.03.31"]
[Round "-"]
[White "Waltero"]
[Black "troglodit"]
[Result "1-0"]
[WhiteCountry "CAN"]
[BlackCountry "SEY"]
[WhiteElo "2135"]
[WhiteRD "97"]
[BlackElo "1363"]
[BlackRD "233"]
[GameID "243772"]

1. e4 c5 2. Nf3 Nc6 3. d4 cxd4 4. Nxd4 g6 5. c4 Bg7 6. Be3 Nf6 7. Nc3 d6 8. Be2 O-O 9. O-O Bd7 10. h3 a6
11. Nf3 Rb8 12. a3 Qc7 13. Rc1 Na5 14. Nd5 Nxd5 15. cxd5 Qd8 16. b4 Bb2 17. Rb1 Bxa3 18. bxa5 Qxa5 19. Bb6
1-0

[Event "Le Speedy Dragon"]
[Site "SchemingMind.com"]
[Date "2010.04.01"]
[Round "-"]
[White "jtrochez1"]
[Black "nimzoking"]
[Result "0-1"]
[WhiteCountry "HON"]
[BlackCountry "ENG"]
[WhiteElo "1589"]
[WhiteRD "51"]
[BlackElo "2188"]
[BlackRD "83"]
[GameID "243885"]

1. e4 c5 2. Nf3 Nc6 3. d4 cxd4 4. Nxd4 g6 5. Nb3 Bg7 6. c3 Nf6 7. Bd3 d5 8. exd5 Qxd5 9. Qf3 Qxf3 10. gxf3 Ne5
11. Be2 b6 12. Be3 O-O 13. N1d2 Bb7 14. Nd4 Rfd8 15. O-O-O Nd5 16. Rhg1 Nc6 17. Nxc6 Bxc6 18. Bc4 b5 19. Bb3 Be5 20. h4 Nxe3
21. fxe3 Rd3 22. f4 Bc7 23. Nf1 Rxd1+ 24. Bxd1 Rd8 25. f5 Kf8 26. fxg6 hxg6 27. Ng3 Bb6 28. Nf1 Bd5 29. b3 Rc8 30. Kd2 Ba5
31. b4 Bc7 32. h5 gxh5 33. a3 Be5 34. Bxh5 Bxc3+ 35. Ke2 Bb2 36. Bf3 Bxf3+ 37. Kxf3 Bxa3 38. Rh1 Kg7 39. Rh4 Rc4 40. Rg4+ Rxg4
41. e4 Rg6
0-1

[Event "Le Speedy Dragon"]
[Site "SchemingMind.com"]
[Date "2010.04.02"]
[Round "-"]
[White "jtrochez1"]
[Black "adamsrichg"]
[Result "1/2-1/2"]
[WhiteCountry "HON"]
[BlackCountry "USA"]
[WhiteElo "1603"]
[WhiteRD "47"]
[BlackElo "1857"]
[BlackRD "78"]
[GameID "243886"]

1. e4 c5 2. Nf3 Nc6 3. d4 cxd4 4. Nxd4 g6 5. Nb3 Bg7 6. c3 Nf6 7. Bd3 d6 8. h3 O-O 9. Be3 Be6 10. N1d2 Ne5
11. Be2 d5 12. exd5 Qxd5 13. O-O b6 14. c4 Qd7 15. Qc2 Rac8 16. Nd4 Rfd8 17. b3 Nc6 18. Nxe6 Qxe6 19. a3 Nd4 20. Bxd4 Rxd4
21. Rae1 Qd7 22. Rd1 Rd8 23. Nf3 Rxd1 24. Rxd1 Qc7 25. Rxd8+ Qxd8 26. Qd3 Qc7 27. Qe3 e6 28. Qe5 Qxe5 29. Nxe5 Nh5 30. Bxh5 Bxe5
31. Be2 Kf8 32. g4 Ke7 33. Kg2 Kd6 34. Kf3 f5 35. g5 Kc5 36. Ke3 Bd4+ 37. Kf3 a5 38. Bd3 e5 39. Ke2 Bb2 40. a4 Kb4
41. Bc2 Kc3 42. Bd1 Bc1 43. h4 Kd4 44. f3 Bf4 45. Kf2 Kd3 46. Be2+ Kd2 47. c5 bxc5 48. Bc4 h6 49. gxh6 Bxh6 50. Bf7 g5
51. hxg5 Bxg5 52. Bc4 Bf4 53. Be6 Kc3 54. Ke2 e4 55. fxe4 fxe4 56. Bc4=
1/2-1/2

[Event "Le Speedy Dragon"]
[Site "SchemingMind.com"]
[Date "2010.04.05"]
[Round "-"]
[White "jtrochez1"]
[Black "blunderbot"]
[Result "0-1"]
[WhiteCountry "HON"]
[BlackCountry "POR"]
[WhiteElo "1589"]
[WhiteRD "51"]
[BlackElo "1788"]
[BlackRD "91"]
[GameID "243887"]

1. e4 c5 2. Nf3 Nc6 3. d4 cxd4 4. Nxd4 g6 5. Nb3 Bg7 6. c3 Nf6 7. Bc4 O-O 8. Bd3 d5 9. exd5 Qxd5 10. O-O Rd8
11. Be2 Qf5 12. Qe1 Be6 13. N1d2 Ng4 14. Bxg4 Qxg4 15. Nf3 Bd5 16. Qe2 Ne5 17. Nbd4 Nxf3+ 18. Nxf3 Bc4 19. Qe1 Bxf1 20. Qxf1 Rd7
21. h3 Qe4 22. Be3 Qc2 23. Qc1 Qxc1+ 24. Rxc1 b6 25. Bd4 Rc8 26. Bxg7 Kxg7 27. Kf1 Rcd8 28. Ke1 f6 29. Nd4 Rc8 30. f4 Rxd4
31. g3 Rd3 32. Kf2 Rd2+ 33. Ke3 Rxb2
0-1

[Event "Le Speedy Dragon"]
[Site "SchemingMind.com"]
[Date "2010.04.01"]
[Round "-"]
[White "jtrochez1"]
[Black "Waltero"]
[Result "1/2-1/2"]
[WhiteCountry "HON"]
[BlackCountry "CAN"]
[WhiteElo "1551"]
[WhiteRD "51"]
[BlackElo "2135"]
[BlackRD "97"]
[GameID "243888"]

1. e4 c5 2. Nf3 Nc6 3. d4 cxd4 4. Nxd4 g6 5. Nb3 Bg7 6. c3 Nf6 7. h3 Nxe4 8. Be3 O-O 9. Bd3 d5 10. Bxe4 dxe4
11. Bd4 e5 12. Bc5 Qxd1+ 13. Kxd1 Rd8+ 14. N1d2 b6 15. Be3 f5 16. g3 Rf8 17. Nc4 Ba6 18. Nbd2 f4 19. gxf4 exf4 20. Bxb6 axb6
21. Nxb6 Rad8 22. Kc1 e3 23. fxe3 fxe3 24. Ndc4 Bxc4 25. Nxc4 Rf2=
1/2-1/2

[Event "Le Speedy Dragon"]
[Site "SchemingMind.com"]
[Date "2010.04.02"]
[Round "-"]
[White "jtrochez1"]
[Black "troglodit"]
[Result "0-1"]
[WhiteCountry "HON"]
[BlackCountry "SEY"]
[WhiteElo "1589"]
[WhiteRD "51"]
[BlackElo "1719"]
[BlackRD "174"]
[GameID "243889"]

1. e4 c5 2. Nf3 Nc6 3. d4 cxd4 4. Nxd4 g6 5. Nb3 Bg7 6. c3 Nf6 7. Bd3 O-O 8. Be3 Ne5 9. Be2 Nxe4 10. O-O d6
11. Nd4 a6 12. Nd2 Nxd2 13. Qxd2 b5 14. Bh6 Nc4 15. Qc1 Bxh6 16. Qxh6 Nxb2 17. Nc6 Qc7 18. Bf3 Bb7 19. Qd2 Bxc6 20. Bxc6 Nc4
21. Qe2 Qxc6 22. a4 Qd7 23. a5 Rac8 24. Rfc1 Rc5 25. Rd1 Rfc8 26. h3 e6 27. Rd3 Ne5 28. Rg3 Rxc3 29. Rxc3 Rxc3 30. Qe4 Qc6
31. Qxc6 Rxc6 32. Kf1 Rc2 33. Kg1 Nc4 34. f3 e5 35. g4 f5 36. gxf5 gxf5
0-1

[Event "Le Speedy Dragon"]
[Site "SchemingMind.com"]
[Date "2010.04.02"]
[Round "-"]
[White "nimzoking"]
[Black "jtrochez1"]
[Result "1-0"]
[WhiteCountry "ENG"]
[BlackCountry "HON"]
[WhiteElo "2188"]
[WhiteRD "83"]
[BlackElo "1589"]
[BlackRD "51"]
[GameID "243890"]

1. e4 c5 2. Nf3 Nc6 3. d4 cxd4 4. Nxd4 g6 5. c4 e5 6. Nxc6 bxc6 7. Be2 Bg7 8. O-O Rb8 9. b3 d5 10. exd5 cxd5
11. Qxd5 Qxd5 12. cxd5 Bd7 13. Nc3 a6 14. Bxa6 Nf6 15. Bc4 O-O 16. Re1 Ne8 17. Ba3 e4 18. Rac1 Bxc3 19. Rxc3 f5 20. Bxf8 Kxf8
21. f3 Nd6 22. Be2 Rc8 23. Rxc8+ Bxc8 24. fxe4 Nxe4 25. Bf3 Nd6 26. Be2 Kf7 27. a4 Ne4 28. Rc1 Nd6 29. Rc7+ Kg8 30. a5 Bb7
31. Rd7 Bxd5 32. Rxd6 Bxb3 33. a6
1-0

[Event "Le Speedy Dragon"]
[Site "SchemingMind.com"]
[Date "2010.04.03"]
[Round "-"]
[White "adamsrichg"]
[Black "jtrochez1"]
[Result "1-0"]
[WhiteCountry "USA"]
[BlackCountry "HON"]
[WhiteElo "1857"]
[WhiteRD "78"]
[BlackElo "1603"]
[BlackRD "47"]
[GameID "243891"]

1. e4 c5 2. Nf3 Nc6 3. d4 cxd4 4. Nxd4 g6 5. Nc3 a6 6. Be3 e6 7. Be2 Bg7 8. O-O Nge7 9. Qd2 d6 10. Rad1 b5
11. Nxc6 Nxc6 12. Qxd6 Qxd6 13. Rxd6 Bb7 14. a3 O-O 15. Rfd1 Rfd8 16. f3 Rxd6 17. Rxd6 Rd8 18. Rxd8+ Nxd8 19. Nd1 Nc6 20. c3 Ne5
21. Nf2 Nc4 22. Bxc4 bxc4 23. Bd4 Bxd4 24. cxd4 h5 25. Kf1 a5 26. Ke2 Ba6 27. Kd2 a4 28. Kc3 f6 29. Nd1 Kf7 30. Ne3 Ke7
31. Nxc4 Bb5 32. Kb4 Bxc4 33. Kxc4 Kd6 34. b3 axb3 35. Kxb3 Kc6 36. Kb4 Kb6 37. a4 g5 38. a5+ Ka6 39. Kc5 Kxa5 40. Kd6
1-0

[Event "Le Speedy Dragon"]
[Site "SchemingMind.com"]
[Date "2010.04.06"]
[Round "-"]
[White "blunderbot"]
[Black "jtrochez1"]
[Result "1-0"]
[WhiteCountry "POR"]
[BlackCountry "HON"]
[WhiteElo "1788"]
[WhiteRD "91"]
[BlackElo "1589"]
[BlackRD "51"]
[GameID "243892"]

1. e4 c5 2. Nf3 Nc6 3. d4 cxd4 4. Nxd4 g6 5. c4 e5 6. Nxc6 bxc6 7. Nc3 d6 8. Be2 Bg7 9. c5 Bf8 10. O-O dxc5
11. Qxd8+ Kxd8 12. Be3 Nf6 13. f3 Bd7 14. Rfd1 Kc7 15. Na4 Bc8 16. Nxc5 Bxc5 17. Bxc5 Re8 18. Bd6+ Kb7 19. Rac1 Bd7 20. Rc4 a5
21. Rd3 Kc8 22. Rb3 Re6 23. Ba3 Rb8 24. Rxb8+ Kxb8 25. Rc5 a4 26. Ra5 h5 27. Bc4 Nd5 28. exd5 cxd5 29. Bxd5 Rb6 30. Bxf7
1-0

[Event "Le Speedy Dragon"]
[Site "SchemingMind.com"]
[Date "2010.04.02"]
[Round "-"]
[White "Waltero"]
[Black "jtrochez1"]
[Result "1/2-1/2"]
[WhiteCountry "CAN"]
[BlackCountry "HON"]
[WhiteElo "2135"]
[WhiteRD "97"]
[BlackElo "1551"]
[BlackRD "51"]
[GameID "243893"]

1. e4 c5 2. Nf3 Nc6 3. d4 cxd4 4. Nxd4 g6 5. c4 e5 6. Nc2 Bg7 7. Nc3 Nge7 8. Be2 O-O 9. O-O d6 10. Nb5 Nd4
11. Ncxd4 exd4 12. Nxd4 Nc6 13. Nb5 Be6 14. Be3 Bxb2 15. Rb1 Bg7 16. f4 a6 17. Nxd6 b5 18. f5 gxf5 19. exf5 Bd7 20. Bf3 Be5
21. Bxc6 Bxc6 22. Qg4+ Kh8 23. f6 Bxh2+ 24. Kxh2 Qxd6+ 25. Bf4=
1/2-1/2